000 01085nmc a2200373 a 4500
003 AR-BaBNM
005 20251128210048.0
008 079019s1993 ||||||||||||||000 | spa||
020 _a84-7738-169-0
040 _cAR-BaBNM
100 1 _aEgido, Teófanes
245 1 0 _aLas reformas protestantes
260 _aMadrid
_bSíntesis
_c1993
300 0 _a204 p.
_bil.
490 0 _aHistoria universal: moderna
_vv. 2
500 0 _aContiene textos con comentarios para trabajar p. 195-201
504 _aBibliografía para consultar p. 203-204
600 1 4 _aLutero, Martín
_d1453-1546
600 1 4 _aZwinglio, Ulrico
650 4 _aHISTORIA EUROPEA
650 4 _aMONARQUIA
650 4 _aHISTORIA MODERNA
650 4 _aHISTORIA POLITICA
650 4 _aRELIGION
650 4 _aPROTESTANTISMO
650 4 _aCRISTIANISMO
650 4 _aREFORMA RELIGIOSA
650 4 _aHISTORIA DE LAS RELIGIONES
650 4 _aIGLESIAS PROTESTANTES
800 1 _aPlácido, Domingo
_edirector
800 1 _aLópez Cordón, María Victoria
_ecoordinador
942 _cBK
998 _cMariana
999 _c13862
_d13862